00541nam a2200145Ia 4500008004100000082001400041082000800055245015800063245002200221260002200243300000900265942000800274999001900282952009400301231017s9999 xx 000 0 und d a388.30993 bOFA 0aTrends in Older People's Travel Patterns Analyzing Changes in Older New Zealanders' Travel Patterns Using the Ongoing New Zealand Household Travel Survey 0cCarolyn O' Fallon bCarolyn O' Fallon c30cm cREP c604331d604331 00104070aNITbNITd2023-10-17l0o388.30993 OFApNIT-5961r2023-10-17w2023-10-17yREP